San Diego Basketball: Top 10 All-Time Leaders - Statistics

General Stats
  • This quiz has been taken 0 times
  • The average score is 0 of 91
Answer Stats
Category # Player Amount % Correct
Games T6 Alex Floresca 129
0%
Points 7 Andre Laws 1,337
0%
Steals 5 Andre Laws 144
0%
Three Pointers Made 8 Andre Laws 139
0%
Points Per Game 3 Brandon Gay 16.0
0%
Points 2 Brandon Johnson 1,790
0%
Assists 2 Brandon Johnson 525
0%
Steals 2 Brandon Johnson 240
0%
Three Pointers Made 4 Brandon Johnson 189
0%
Games 1 Brandon Johnson 134
0%
Games T10 Brett Bailey 126
0%
Rebounds 10 Brian Bruso 520
0%
Field Goal Percent 3 Brian Miles 54.6%
0%
Points Per Game 9 Brian Miles 14.3
0%
Points Per Game 4 Brice Vounang 16.0
0%
Assists 7 Brock Jacobsen 311
0%
Blocks 10 Brooks Barnhard 68
0%
Games T4 Chris Lewis 130
0%
Rebounds 4 Chris Manresa 651
0%
Blocks 8 Chris Manresa 71
0%
Assists 1 Christopher Anderson 757
0%
Steals 1 Christopher Anderson 254
0%
Games T6 Christopher Anderson 129
0%
Rebounds 8 Corey Belser 540
0%
Steals 6 Corey Belser 141
0%
Assists 6 Dana White 325
0%
Steals 7 Dana White 131
0%
Three Pointers Made 9 Danny Means 138
0%
Assists 3 David Fizdale 465
0%
Steals 4 David Fizdale 150
0%
Steals 10 De'Jon Jackson 105
0%
Blocks 6 Dennis Kramer 99
0%
Games 9 Dennis Kramer 127
0%
Blocks 5 Dondi Bell 129
0%
Points 10 Doug Harris 1,212
0%
Assists 10 Doug Harris 291
0%
Three Pointers Made 6 Doug Harris 176
0%
Field Goal Percent 8 Doug Harris 46.4%
0%
Points Per Game 8 Doug Harris 14.6
0%
Rebounds 5 Gylan Dottin 595
0%
Field Goal Percent 9 Gylan Dottin 44.3%
0%
Points 3 Gyno Pomare 1,725
0%
Rebounds 1 Gyno Pomare 864
0%
Blocks 2 Gyno Pomare 158
0%
Field Goal Percent 1 Gyno Pomare 55.9%
0%
Games T4 Gyno Pomare 130
0%
Rebounds 7 Isaiah Piñeiro 551
0%
Field Goal Percent 6 Isaiah Piñeiro 48.9%
0%
Points Per Game 1 Isaiah Piñeiro 17.3
0%
Assists 5 Isaiah Wright 326
0%
Points Per Game 10 Isaiah Wright 13.5
0%
Points Per Game 5 Jason Blair 15.8
0%
Blocks 1 Jito Kok 268
0%
Games T6 Jito Kok 129
0%
Points 1 Johnny Dee 2,046
0%
Steals 8 Johnny Dee 121
0%
Three Pointers Made 1 Johnny Dee 333
0%
Field Goal Percent 10 Johnny Dee 43.2%
0%
Points Per Game 6 Johnny Dee 15.6
0%
Games T2 Johnny Dee 131
0%
Points 9 Kelvin Woods 1,216
0%
Field Goal Percent 5 Kelvin Woods 52.5%
0%
Points Per Game 7 Marcellus Earlington 15.2
0%
Assists T8 Mike McGrain 307
0%
Points Per Game 2 Mike Whitmarsh 17.2
0%
Points 5 Nick Lewis 1,453
0%
Rebounds 6 Nick Lewis 573
0%
Blocks 7 Nick Lewis 78
0%
Field Goal Percent 7 Nick Lewis 48.2%
0%
Points 4 Olin Carter 1,558
0%
Three Pointers Made 2 Olin Carter 304
0%
Blocks 9 Roberto Mafra 70
0%
Assists T8 Ross DeRogatis 307
0%
Three Pointers Made 3 Ross DeRogatis 228
0%
Points 8 Ryan Williams 1,318
0%
Rebounds 3 Ryan Williams 653
0%
Field Goal Percent 2 Ryan Williams 54.8%
0%
Points 6 Scott Thompson 1,379
0%
Rebounds 2 Scott Thompson 740
0%
Blocks 3 Scott Thompson 145
0%
Field Goal Percent 4 Scott Thompson 54.1%
0%
Three Pointers Made 5 Sean Flannery 183
0%
Games T2 Simi Fajemisin 131
0%
Three Pointers Made 7 Tyler Williams 147
0%
Games T10 Tyler Williams 126
0%
Assists 4 Wayman Strickland 408
0%
Steals 3 Wayman Strickland 154
0%
Three Pointers Made 10 Wayman Strickland 132
0%
Steals 9 Wayne McKinney III 109
0%
Rebounds 9 Yauhen Massalski 533
0%
Blocks 4 Yauhen Massalski 144
0%
No matching quizzes found
Score Distribution
Percent of People with Each Score
Percentile by Number Answered
Your Score History
You have not taken this quiz